LEADER 04040nam 22005535 450 001 9910253976203321 005 20250609110938.0 010 $a981-10-3118-5 024 7 $a10.1007/978-981-10-3118-2 035 $a(CKB)3710000001124903 035 $a(DE-He213)978-981-10-3118-2 035 $a(MiAaPQ)EBC4827793 035 $a(PPN)199765359 035 $a(MiAaPQ)EBC6242329 035 $a(EXLCZ)993710000001124903 100 $a20170321d2017 u| 0 101 0 $aeng 135 $aurnn|008mamaa 181 $ctxt$2rdacontent 182 $cc$2rdamedia 183 $acr$2rdacarrier 200 10$aNatural Gas Markets in India $eOpportunities and Challenges /$fedited by Sanjay Kumar Kar, Ayush Gupta 205 $a1st ed. 2017. 210 1$aSingapore :$cSpringer Singapore :$cImprint: Springer,$d2017. 215 $a1 online resource (XX, 385 p. 70 illus., 61 illus. in color.) 311 08$a981-10-3116-9 320 $aIncludes bibliographical references at the end of each chapters. 327 $aChapter 1: India's Active Engagement with Natural Gas: Imperatives and Challenges -- Chapter 2: Impact of Slashing Oil Prices on The Natural Gas Market -- Chapter 3: Sourcing of Natural Gas through Pipelines -- Chapter 4: Issues & Challenges of Gas Contracting -- Chapter 5: Natural Gas Pricing -- Chapter 6: Feasibility of Price Pooling for Gas Based Power Generation in India: A Reality Check -- Chapter 7: A Comprehensive Review of City Gas Distribution in India -- Chapter 8: Building and Sustaining Natural Gas Business in India -- Chapter 9: Issues and Challenges in Development of Efficient Gas Market -- Chapter 10: Demand Assessment and Design Aspect of City Gas Distribution Network -- Chapter 11: Petroleum Exploration and Licensing Policy in India -- Chapter 12: Downstream Petroleum and Natural Gas Regulatory Developments in India -- Chapter 13: Taxation Issues in Natural Gas Industry in India -- Chapter 14: Human Resource Challenges for Gas Sector in India -- Chapter 15: Health, Safety, Environment: Issues and Challenges for Gas Value Chain in India -- Chapter 16: Reviewing Europe?s Transition from a Gas Market to Renewables. 330 $aThis book shares the latest market developments and advances in natural gas demand, supply, transmission, distribution, and consumption, with a special emphasis on the Indian context. Chapters are written by researchers and industry professionals working in the field of natural gas and energy to provide deeper insights into natural gas market structure, market development, business opportunities and market growth. Topics covered include, natural gas demand-supply, exploration and production policy, downstream regulatory developments, city gas distribution, pipeline, pricing, and taxation policies impacting natural gas market developments in India. The book will be useful to researchers, professionals, and policy makers working in the area of natural gas and related fields. 606 $aEnergy policy 606 $aEnergy policy 606 $aRenewable energy resources 606 $aEnergy Policy, Economics and Management$3https://scigraph.springernature.com/ontologies/product-market-codes/112000 606 $aRenewable and Green Energy$3https://scigraph.springernature.com/ontologies/product-market-codes/111000 606 $aEnergy Policy, Economics and Management$3https://scigraph.springernature.com/ontologies/product-market-codes/112000 615 0$aEnergy policy. 615 0$aEnergy policy. 615 0$aRenewable energy resources. 615 14$aEnergy Policy, Economics and Management. 615 24$aRenewable and Green Energy. 615 24$aEnergy Policy, Economics and Management. 676 $a333.79 676 $a338.926 702 $aKar$b Sanjay Kumar$4edt$4http://id.loc.gov/vocabulary/relators/edt 702 $aGupta$b Ayush$4edt$4http://id.loc.gov/vocabulary/relators/edt 906 $aBOOK 912 $a9910253976203321 996 $aNatural Gas Markets in India$91939048 997 $aUNINA